How to achieve a common European energy policy?

Cesta k spoločnej európskej energetickej politike v 21. storočí. Fragmentovaná európska energetická politika a cesta do budúcnosti. Liberalizácia, infraštruktúra, kooperácia. Bezpečnosť energetická.

Na minha lista:
Detalhes bibliográficos
Autor principal: Bocora, Ján
Formato: Capítulo de Livro
Idioma:inglês
Assuntos:
Tags: Adicionar Tag
Sem tags, seja o primeiro a adicionar uma tag!

MARC

LEADER 00000naa$a2200000$$$4500
001 0155118
005 20240502083348.5
041 0 |a eng 
044 |a CZ 
245 1 0 |a How to achieve a common European energy policy?  |c Ján Bocora 
520 |a Cesta k spoločnej európskej energetickej politike v 21. storočí. Fragmentovaná európska energetická politika a cesta do budúcnosti. Liberalizácia, infraštruktúra, kooperácia. Bezpečnosť energetická. 
610 2 0 |a politika energetická 
610 2 0 |a bezpečnosť energetická 
610 2 0 |a liberalizácia 
610 2 0 |a kooperácia 
610 2 0 |a Európska únia 
100 1 |a Bocora, Ján